Художественное творчество и психология; Диалектика творческого процесса; Сопереживание и сотворчество; Историческая психология и художественный процесс; Массовые реакции на исскуство в контексте исторической психологии; Произведения исскуства и личность: психологическая структура взаимодействия; В истине жизни (из научного архива А. Н. Леонтьева); Эмоциональный слух и проблема профессионального отбора в вокально-музыкальном исскустве; Методы профилактики пограничных психических расстройств у актеров; Психология творчества; Закулисы

Detalles Bibliográficos
Autores Corporativos: Академия Наук СССР, Государственный институт искусствознания
Lenguaje:ruso
Publicado: Москва, Наука, 1991
TOC:С. Т. Вайман, Диалектика творческого процесса;
Б. Б. Блок, Сопереживание и сотворчество;
О. А. Кривцун, Историческая психология и художественный процесс;
Н. А. Хренов, Массовые реакции на исскуство в контексте исторической психологии;
Д. А. Леонтьев, Произведения исскуства и личность: психологическая структура взаимодействия;
А. А. Леонтьев, Д. А. Леонтьев, В истине жизни (из научного архива А. Н. Леонтьева);
В. П. Морозов, В. Ф. Жданов, Е. В. Фетисова, Эмоциональный слух и проблема профессионального отбора в вокально-музыкальном исскустве;
А. Л. Гройсман, Методы профилактики пограничных психических расстройств у актеров;
Психология творчества;
Е. И. Замятин, Закулисы;
Materias:
Formato: Libro
KOHA link:https://koha.lib.tpu.ru/cgi-bin/koha/opac-detail.pl?biblionumber=20800

MARC

LEADER 00000nam0a2200000 4500
001 20800
005 20231030192239.0
010 |a 5020127590 
035 |a (RuTPU)RU\TPU\book\20990 
035 |a BOOK00000007 
090 |a 20800 
100 |a 20011209d1991 km y0rusy50 ca 
101 0 |a rus 
102 |a RU 
105 |a a z 000zy 
200 1 |a Художественное творчество и психология  |f Академия Наук СССР; Государственный институт искусствознания 
210 |a Москва  |c Наука  |d 1991 
215 |a 192 с. 
464 |t Диалектика творческого процесса  |f С. Т. Вайман 
464 |t Сопереживание и сотворчество  |f Б. Б. Блок 
464 |t Историческая психология и художественный процесс  |f О. А. Кривцун 
464 |t Массовые реакции на исскуство в контексте исторической психологии  |f Н. А. Хренов 
464 |t Произведения исскуства и личность: психологическая структура взаимодействия  |f Д. А. Леонтьев 
464 |t В истине жизни (из научного архива А. Н. Леонтьева)  |f А. А. Леонтьев, Д. А. Леонтьев 
464 |t Эмоциональный слух и проблема профессионального отбора в вокально-музыкальном исскустве  |f В. П. Морозов, В. Ф. Жданов, Е. В. Фетисова 
464 |t Методы профилактики пограничных психических расстройств у актеров  |f А. Л. Гройсман 
464 |t Психология творчества 
464 |t Закулисы  |f Е. И. Замятин  |a Замятин, Евгений Иванович 
610 1 |a психология 
610 1 |a искусство 
610 1 |a творчество 
610 1 |a художественное творчество 
610 1 |a культура 
686 |a Ю945  |v LBC/SL-A  |2 rubbk 
712 0 2 |a Академия Наук СССР  |2 stltpush  |3 (RuTPU)RU\TPU\col\722 
712 0 2 |a Государственный институт искусствознания  |2 stltpush  |3 (RuTPU)RU\TPU\col\2304 
801 0 |a RU  |b 63413507  |c 20011209  |g PSBO 
801 2 |a RU  |b 63413507  |c 20170428  |g PSBO 
900 |a Психология творчества 
942 |c BK